| 000 | 00789cam a2200253 a 4500 | ||
|---|---|---|---|
| 001 | 3524138 | ||
| 005 | 20180314052133.0 | ||
| 008 | 960326s1996 mdua b 001 0 eng c | ||
| 010 | _a 96016316 | ||
| 020 | _a0683005936 (alk. paper) | ||
| 040 |
_aDNLM/DLC _cDLC _dDLC |
||
| 041 | _aeng | ||
| 060 | 1 | 0 | _aWP 100 N9351 1996 |
| 080 | _a618.1 BER | ||
| 082 | 0 | 0 |
_a618.1 BER _220 |
| 100 | _a10 | ||
| 101 | _aGJIN | ||
| 245 | 0 | 0 | _aNovak's gynecology. |
| 246 | 3 | 0 | _aGynecology |
| 504 | _aIncludes bibliographical references and index. | ||
| 906 |
_a7 _bcbc _corignew _d1 _eocip _f19 _gy-gencatlg |
||
| 942 |
_2ddc _cBK |
||
| 999 |
_c44983 _d44983 |
||